MDQL
is popping MORE tags! Check the
thread
!
Quizzes
Events
Quiz Creation
Community
Videos
Private Events
Remove Ads
Sign In
Join for FREE
Feedback
Dark Mode
Quiz Categories
Sports
Geography
Music
Movies
Television
Just For Fun
Miscellaneous
History
Literature
Language
Science
Gaming
Entertainment
Religion
Holiday
For Kids
Quiz Lab
Recent
Popular Today
Quiz Kudos Today
Editor Picks
Curator Picks
Quizzes by...
Day
Popularity
Type
Ratings
Length
Year
Community
Subscriptions
Recent Discussions
Orange Saloon
Badges
Playlists
Quests
Create
Leaderboards
Showdown
Live 5
Trivia Bingo
Activity
Puzzle Library
Sporcle Events
Private Events
Virtual Trivia
Globe League
Become a Host
Pub Owners
SporcleCon
Opinionation
Our Games
Videos
Blog
Mobile Apps
Partnerships
Remove Ads and Go Orange
Feedback
Sports
Athletes
MLB
NBA
NHL
NFL
Soccer
Sports Teams
WWE
NCAA
Football
Premier League
Basketball
Baseball
Hockey
Golf
Tennis
Cricket
Rugby
Auto Racing
Olympics
World Cup
Sports
Athletes
MLB
NBA
NHL
NFL
Soccer
Sports Teams
WWE
NCAA
Football
Premier League
Basketball
Baseball
Hockey
Golf
Tennis
Cricket
Rugby
Auto Racing
Olympics
World Cup
Random Quiz
Search Sporcle
×
Quiz Lab
Quiz Lab
Sports
2012
Type in answers that appear in a list
Type in answers that appear in a list
Classic
Best Score? Go Orange.
Orioles Players since 2012 Stats
Can you name the Orioles Players since 2012?
By
toomuchquiz
10m
88 Questions
69 Plays
69 Plays
69 Plays
Comments
Comments
Give Quiz Kudos
Give Quiz Kudos
-
- Ratings
hide this ad
More Info
Replay
Link that replays current quiz
Next Quiz
Link to next quiz in quiz playlist
You Got
0%
They Got
Avg Score
38%
Avg Friend Score
Upgrade to see
Score Distribution
Jump to the score distribution portion of the page
Score
0/88
Timer
10:00
0
Plays Today
Plate Appearances
Player
% Correct
3117
Adam Jones
100%
2614
J.J. Hardy
98.5%
2453
Manny Machado
98.5%
2890
Chris Davis
97%
1872
Matt Wieters
97%
1881
Nick Markakis
91%
1260
Jonathan Schoop
89.6%
741
Caleb Joseph
86.6%
467
Mark Trumbo
85.1%
1210
Ryan Flaherty
82.1%
678
Nelson Cruz
79.1%
939
Steve Pearce
76.1%
216
Hyun Soo Kim
74.6%
584
Nolan Reimold
71.6%
370
Brian Roberts
68.7%
17
Chris Tillman
68.7%
829
Nate McLouth
67.2%
538
Mark Reynolds
65.7%
269
Pedro Alvarez
65.7%
35
Dariel Alvarez
64.2%
102
Nick Johnson
62.7%
45
Kelly Johnson
59.7%
5
Dan Johnson
59.7%
282
Joey Rickard
56.7%
11
Ubaldo Jimenez
55.2%
6
Kevin Gausman
53.7%
431
Robert Andino
52.2%
435
Delmon Young
49.3%
217
Steve Clevenger
47.8%
115
Jim Thome
46.3%
Plate Appearances
Player
% Correct
7
Wei-Yin Chen
44.8%
10
Miguel Gonzalez
43.3%
1
Darren O'Day
43.3%
31
Christian Walker
41.8%
386
Wilson Betemit
40.3%
341
David Lough
38.8%
236
Travis Snider
38.8%
94
Henry Urrutia
37.3%
5
Yovani Gallardo
37.3%
174
Nick Hundley
35.8%
35
Francisco Pena
34.3%
11
Bud Norris
34.3%
4
Jake Arrieta
34.3%
4
L.J. Hoes
34.3%
201
Alejandro De Aza
32.8%
126
Taylor Teagarden
32.8%
3
Tyler Wilson
32.8%
2
Brad Brach
31.3%
238
Gerardo Parra
29.9%
107
Xavier Avery
26.9%
4
Brian Matusz
26.9%
3
Mike Wright
26.9%
79
Lew Ford
25.4%
439
Jimmy Paredes
23.9%
169
Endy Chavez
23.9%
76
Steve Tolleson
23.9%
3
Scott Feldman
23.9%
1
Mychal Givens
23.9%
2
Tommy Hunter
19.4%
129
Alexi Casilla
17.9%
Plate Appearances
Player
% Correct
105
Everth Cabrera
17.9%
110
Omar Quintanilla
16.4%
11
Jason Hammel
16.4%
170
Danny Valencia
14.9%
71
Paul Janish
14.9%
13
Jemile Weeks
14.9%
109
Chris Dickerson
13.4%
102
Chris Parmelee
11.9%
24
Chris Snyder
11.9%
11
Julio Borbon
11.9%
2
Quintin Berry
11.9%
74
Steve Lombardozzi
10.4%
30
Michael Morse
10.4%
1
T.J. McFarland
10.4%
1
Oliver Drake
10.4%
14
Bill Hall
9%
18
Travis Ishikawa
7.5%
64
Ronny Paulino
6%
32
Ryan Lavarnway
6%
31
Yamaico Navarro
6%
30
Reynaldo Navarro
6%
22
Luis Exposito
6%
1
Jason Garcia
6%
1
Troy Patton
6%
22
Junior Lake
4.5%
4
Joe Mahoney
4.5%
10
Jason Pridie
3%
3
Cord Phelps
3%
Quiz Playlist
Details
Report
Send in Message
Add To Playlist
More Info:
88 players have made at least one plate appearance in an O's uniform since 2012. Can you name them?
Classic:
Type in answers that appear in a list
Quiz Source
Last Updated: Feb 16, 2017
Quiz Scoreboard
CHALLENGE
Sign Up to Join the Scoreboard
Show All
Scores
Hide
Comments
May contain spoilers
Recently Published
Find the 'City' Movie
by crazypaving
Movies
60s
5x2 Blitz: Bands
by SL_Kpop136
Music
30s
Colored Red Africa Blitz
by spor1
Geography
30s
More to Explore
Quiz From the Vault
Featured Blog Post
14 Easter Pick-up Lines to Find Eggs With
hide this ad
You Might Also Like...
Tags
2012
appearance
Baltimore Orioles
plate
Player
Today's Top Quizzes in Sports
Browse Sports
hide this ad
Today's Top Quizzes in 2012
Browse 2012
Top Contributed Quizzes in Sports
1
Les entraîneurs de l'OM et du PSG au 21e siècle
2
Les meilleurs buteurs des matchs entre le PSG et l’OM
3
Les joueurs passés par le PSG et l'OM
4
Players with Multiple 50 Home Run Seasons
5
2022 World Cup Stars
6
Criteria MLB: Left Handed Sluggers
7
NBA Logic Puzzle 2.0
8
MLB Players with Two .350 Batting Average Seasons
9
Top 10 NHL Goal Scorers of All Time
10
Les joueurs passés par le LOSC et le RC Lens
Explore More
Trending Topics
Anime
NBA
Disney
Kpop
Harry Potter
Crossword
Marvel
Country
The Office
Song
Pokémon
WWE
NFL
Puzzle
Soccer
hide this ad
More By:
toomuchquiz
Quiz
Plays
Rating
Category
Featured
Created
Washington Capitals Assisters (Ovechkin Years)
892
4.50
Sports
May 29, 2018
Top Orioles Home Run Hitters All-Time
206
4.80
Sports
Aug 20, 2016
Orioles Home Run Hitters (2005-2016)
125
5.00
Sports
Aug 8, 2016
Orioles 15 win pitchers since 1955
113
5.00
Sports
Aug 11, 2016
Best seasons in Orioles history
106
5.00
Sports
Aug 9, 2016
Go to Creator's Profile
Score Distribution
Quiz Creator Spotlight
toomuchquiz
Follow
Send a Message
Quizzes Created
-
Created Quiz Play Count
-
More By This Creator
Popular Quizzes Today
1
Colored Red Africa Blitz
2
Find the 'City' Movie
3
Find the US States - No Outlines Minefield
4
5x2 Blitz: Bands
5
The Countries of the World
6
Find the US States
7
US States
8
Find the Countries of Europe - No Outlines Minefield
More Sports Quizzes
NFL 2015: Losing Record Minefield
Published
Trending Quizzes
Colored Red Europe Blitz I
Colored Red Europe Blitz II
Colored Red Africa Blitz II
Colored Red Europe Blitz III
Colored Red Africa Blitz III
Recently Updated
How Do You Spell That?
pecheneg
Godzilla Movies
pecheneg
Grab Bag: 4-10 Letters
pecheneg
2024 March Madness Bracket
pecheneg
Famous TV Couples
Peacemaker
Champions League XIs: Real Madrid
pecheneg
Largest US Cities 1790-2010
pecheneg
Rides in Walt Disney World
pecheneg
Most Oscar Losses (Acting)
pecheneg
Beyoncé Albums
pecheneg
Trending Topics
Marvel
Anime
NBA
Kpop
Harry Potter
Crossword
Disney
Country
Puzzle
Song
WWE
Soccer
NFL
The Office
Pokémon
Your Account Isn't Verified!
In order to create a playlist on Sporcle, you need to verify the email address you used during registration. Go to your
Sporcle Settings
to finish the process.
Report this User
Report this user for behavior that violates our
Community Guidelines
.
Details:
Send Report
Go to the Sporcle.com Mobile Site →
Comments